000 02338nam0a22003491 4500
001 rc\84922
005 20250620195347.0
010 _a5-86169-004-9
_91000
035 _a(NLR Aleph) 005397030
090 _a7237331
_c7237331
100 _a20021216d1993 |||y0rusy50 ca
101 0 _arus
_aeng
102 _aRU
105 _aa |||||||||
200 1 _aТекст-кентавр о сибирских самоедах
_dThe text-centaur on siberian samojeds
_f[Югор. акционер. банк, Oriental research partners]
210 _aМ.
_aНьютонвиль (США)
_cАрхеогр. центр
_d1993
215 _a156, [1] с.
_cил.
_d20
300 _aРез.: англ.
300 _aЧасть текста парал.: рус., англ.
320 _aБиблиогр. в примеч.: с. 8-9
320 _aИмен. указ.: с. 154-156
327 0 _aВ прил.: Публикация текстов сказания "О человецех незнаемых и Восточной стране"; Археография и текстология списков сказаний "О человецех незнаемых в Восточной стране"; Московский поход на Югру и мир 31 декабря 1434 года
464 0 _12001#$aПубликация текстов сказания "О человецех незнаемых и Восточной стране"
_tПубликация текстов сказания "О человецех незнаемых и Восточной стране"
464 0 _12001#$aАрхеография и текстология списков сказаний "О человецех незнаемых в Восточной стране"
_tАрхеография и текстология списков сказаний "О человецех незнаемых в Восточной стране"
464 0 _12001#$aМосковский поход на Югру и мир 31 декабря 1434 года
_tМосковский поход на Югру и мир 31 декабря 1434 года
510 0 _aThe text-centaur on siberian samojeds
700 1 _aПли зов
_bА.И.
_gАндрей Иванович
801 0 _aRU
_bNLR
_gpsbo
801 1 _aRU
_bELAR
_2rusmarc
852 _aNLR
_j94-3/3452
942 _cBOOK
980 _aNB